| 000 | 00874cab a2200217 4500 | ||
|---|---|---|---|
| 001 | ABS67545 | ||
| 008 | 040302n2004 000 0 eng u | ||
| 035 | _a(Sirsi) u125292 | ||
| 245 | _aEarnings rise steadily | ||
| 260 | _c2004 | ||
| 490 |
_aConstruction News _v (6854) 19 February 2004, 30-31 (2) |
||
| 520 | _aSummarises the Hill McGlynn annual construction salaries survey. Findings for 2003 include an avarage pay rise of 3.8% for professional staff employed by contractors, with Commercial managers coming top with an an annual pay rise of 4.2%. Assistant quantity surveyors received the smallest pay rise of 3.2%. Charts and tables. | ||
| 590 | _aABS | ||
| 650 | _aSALARY SURVEYS | ||
| 650 | _aSURVEYORS | ||
| 650 | _aSTAFF | ||
| 650 | _aRECRUITMENT | ||
| 650 | _aPENSIONS | ||
| 690 | _aMANAGEMENT-BUSINESS MANAGEMENT-PROFESSIONAL PRACTICE | ||
| 942 | _n0 | ||
| 999 |
_c74208 _d74208 |
||